La XXVI legislatura : (Record no. 144472)

MARC details
000 -LEADER
fixed length control field nam a22 7a 4500
005 - DATE AND TIME OF LATEST TRANSACTION
control field 20180919144505.0
008 - FIXED-LENGTH DATA ELEMENTS--GENERAL INFORMATION
fixed length control field 180919b mx ||||| |||| 00| 0 spa d
020 ## - INTERNATIONAL STANDARD BOOK NUMBER
International Standard Book Number 9786074625769
050 04 - LIBRARY OF CONGRESS CALL NUMBER
Classification number JL1265
Item number M33 2015
100 1# - MAIN ENTRY--PERSONAL NAME
Personal name Mac Gregor, Josefina
245 10 - TITLE STATEMENT
Title La XXVI legislatura :
Remainder of title un episodio en la historia legislativa de México /
Statement of responsibility, etc Josefina Mac Gregor
250 ## - EDITION STATEMENT
Edition statement 1a ed.
260 ## - PUBLICATION, DISTRIBUTION, ETC. (IMPRINT)
Place of publication, distribution, etc México :
Name of publisher, distributor, etc El Colegio de México,
Date of publication, distribution, etc 2015
300 ## - PHYSICAL DESCRIPTION
Extent 215 p. :
Other physical details il.,
Dimensions 17 cm.
490 0# - SERIES STATEMENT
Series statement Jornadas ;
Volume number/sequential designation 164
504 ## - BIBLIOGRAPHY, ETC. NOTE
Bibliography, etc Incluye bibliografía e índice.
650 #7 - SUBJECT ADDED ENTRY--TOPICAL TERM
Source of heading or term lemb
Topical term or geographic name as entry element Cuerpos legislativos
Geographic subdivision México
General subdivision Historia
Chronological subdivision Siglo XX
650 #7 - SUBJECT ADDED ENTRY--TOPICAL TERM
Source of heading or term lemb
Topical term or geographic name as entry element México
General subdivision Política y gobierno
Chronological subdivision 1910-1946
942 ## - ADDED ENTRY ELEMENTS (KOHA)
Source of classification or shelving scheme Biblioteca del Cogreso de los Estados Unidos
Koha item type Libro
Holdings
Estado de pérdida Fuente de clasificación Estado del daño No para préstamo Ubicación permanente Ubicación actual Apartado o colección Fecha de adquisición Edición Dependencia de educación superior (DES) Área del conocimiento Clasificación Código de Barras Date last seen Número de copia Tipo de recurso Nota pública Costo por reposición Total Checkouts
  Biblioteca del Cogreso de los Estados Unidos     Biblioteca del Instituto de Investigaciones Históricas Biblioteca del Instituto de Investigaciones Históricas General 19/09/2018 1a ed. Humanidades Educación y Humanidades JL1265 M33 2015 IIH000023440 19/09/2018 C:1 Libro GENERAL    
  Biblioteca del Cogreso de los Estados Unidos     Biblioteca del Instituto de Investigaciones Históricas Biblioteca del Instituto de Investigaciones Históricas General 16/03/2023 1a ed. Humanidades Ciencias Sociales y Administrativas JL1265 M33 2015 IIH000034496 16/03/2023 C:2 Libro   1.00  
  Biblioteca del Cogreso de los Estados Unidos     Biblioteca del Instituto de Investigaciones Históricas Biblioteca del Instituto de Investigaciones Históricas General 22/09/2023 1a ed. Humanidades Ciencias Sociales y Administrativas JL1265 M33 2015 IIH000035413 22/09/2023 3 Libro   1.00